|
|
|
|
| LEADER |
00000cam a22000002c 4500 |
| 001 |
1866928287 |
| 003 |
DE-627 |
| 005 |
20250115054928.0 |
| 007 |
cr uuu---uuuuu |
| 008 |
231021s2016 xx |||||o 00| ||por c |
| 035 |
|
|
|a (DE-627)1866928287
|
| 035 |
|
|
|a (DE-599)KXP1866928287
|
| 040 |
|
|
|a DE-627
|b ger
|c DE-627
|e rda
|
| 041 |
|
|
|a por
|
| 084 |
|
|
|a 2,1
|2 ssgn
|
| 100 |
1 |
|
|a Rodriguez, José Rodrigo
|e VerfasserIn
|4 aut
|
| 245 |
1 |
0 |
|a Luta por Direitos, Rebeliões e Democracia no Século XXI: Algumas tarefas para a pesquisa em Direito
|
| 264 |
|
1 |
|c 2016
|
| 336 |
|
|
|a Text
|b txt
|2 rdacontent
|
| 337 |
|
|
|a Computermedien
|b c
|2 rdamedia
|
| 338 |
|
|
|a Online-Ressource
|b cr
|2 rdacarrier
|
| 520 |
|
|
|a A partir da ideia geral de que na atualidade há uma "crise da democracia brasileira", na qual as instituições formais não conseguem captar os anseios da população, o que faz com que a todo o momento surjam novas reinvindicações de direitos, o presente artigo vista investigar quais seriam as tarefas mais urgentes da pesquisa em Direito, utilizando-se nesta análise dois ferramentais teóricos principais criados pelo autor, denominados “Mapa Jurídico-Conceitual das Lutas Sociais Contemporâneas”, que faz um panorama das lutas sociais da atualidade com suas pautas e “Figuras da Perversão do Direito”, baseada na obra de Franz Neumann, sendo que este último se subdivide em “fuga do direito”, “falsa legalidade” e “zonas de autarquia”, desenvolvidos a partir da obra do referido autor e utilizados para a análise da crise democrática brasileira. Conclui-se com os desafios e sugestões para a pesquisa em Direito
|
| 856 |
4 |
0 |
|u https://core.ac.uk/download/268358860.pdf
|x Verlag
|z kostenfrei
|3 Volltext
|7 0
|
| 935 |
|
|
|a mkri
|
| 951 |
|
|
|a BO
|
| ELC |
|
|
|a 1
|
| LOK |
|
|
|0 000 xxxxxcx a22 zn 4500
|
| LOK |
|
|
|0 001 4394738342
|
| LOK |
|
|
|0 003 DE-627
|
| LOK |
|
|
|0 004 1866928287
|
| LOK |
|
|
|0 005 20231021043641
|
| LOK |
|
|
|0 008 231021||||||||||||||||ger|||||||
|
| LOK |
|
|
|0 035
|a (DE-2619)CORE74884839
|
| LOK |
|
|
|0 040
|a DE-2619
|c DE-627
|d DE-2619
|
| LOK |
|
|
|0 092
|o n
|
| LOK |
|
|
|0 852
|a DE-2619
|
| LOK |
|
|
|0 852 1
|9 00
|
| LOK |
|
|
|0 935
|a core
|
| LOK |
|
|
|0 939
|a 21-10-23
|b l01
|
| OAS |
|
|
|a 1
|
| ORI |
|
|
|a SA-MARC-krimdoka001.raw
|